000 00511nam a2200205Ia 4500
003 OSt
005 20230427124214.0
008 210423s2006 xx 000 0 und d
020 _a8174463488
040 _cAL
041 _aeng
082 _a658.15 VIJM
100 _aVIJ (Madhu).
_978268
245 _aInternational financial management.
260 _aNew Delhi
_bExcel Books
_c2006
300 _axvi,668
365 _b275
_cINR
906 _afinancial ; International ; management.
942 _2ddc
_cBK
999 _c156088
_d156088